| 000 | 00372nam a2200157Ia 4500 | ||
|---|---|---|---|
| 008 | 210210b1964 xxu||||| |||| 00| 0 eng d | ||
| 041 | _aeng | ||
| 082 | _a822/1268 | ||
| 100 | _aWILLIAMS (J H) | ||
| 245 | _aElephant bill | ||
| 260 |
_aLondon _bHeinemann Educational Books _c1964 |
||
| 650 | _aElephant | ||
| 650 | _abill | ||
| 690 | _aEnglish Prose | ||
| 906 | _a013450 | ||
| 999 |
_c132320 _d132320 |
||